| Tag |
First Indicator |
Second Indicator |
Subfields |
| LEADER |
00000pam a2200000 i 4500 |
| 001 |
in00000446513 |
| 005 |
20160114144120.0 |
| 008 |
751126s1975 wb b 10010 eng |
| 010 |
|
|
|a 75040481
|
| 020 |
|
|
|a 0387075348
|
| 035 |
|
|
|a (OCoLC)01959563
|
| 035 |
|
|
|9 ABZ2912AM
|
| 040 |
|
|
|a DLC
|c DLC
|d TXA
|d UtOrBLW
|
| 041 |
0 |
|
|a eng
|a fre
|
| 049 |
|
|
|a TXAM
|c [1493209]
|
| 050 |
0 |
0 |
|a QA3
|b .L28 no. 499
|a QA9.A1
|
| 082 |
0 |
|
|a 510/.8 s
|a 511/.3
|
| 111 |
2 |
|
|a International Summer Institute and Logic Colloquium
|d (1974 :
|c University of Kiel)
|
| 245 |
1 |
0 |
|a ISILC Logic Conference :
|b proceedings of the International Summer Institute and Logic Colloquium, Kiel, 1974 /
|c edited by G. H. Muller, A. Oberschelp, K. Potthoff.
|
| 264 |
|
1 |
|a Berlin ;
|a New York :
|b Springer-Verlag,
|c 1975.
|
| 300 |
|
|
|a iv, 651 pages ;
|c 25 cm.
|
| 336 |
|
|
|a text
|b txt
|2 rdacontent
|
| 337 |
|
|
|a unmediated
|b n
|2 rdamedia
|
| 338 |
|
|
|a volume
|b nc
|2 rdacarrier
|
| 490 |
1 |
|
|a Lecture notes in mathematics ; 499
|
| 500 |
|
|
|a English or French.
|
| 500 |
|
|
|a Chiefly comprised of selected course lecture notes from the institute, July 17-31, 1974, and selected papers from the conference, Aug. 1-3, 1974.
|
| 504 |
|
|
|a Includes bibliographies.
|
| 650 |
|
0 |
|a Logic, Symbolic and mathematical
|v Congresses.
|
| 650 |
|
0 |
|a Set theory
|v Congresses.
|
| 700 |
1 |
|
|a Müller, G. H.
|q (Gert Heinz),
|d 1923-
|
| 700 |
1 |
|
|a Oberschelp, Arnold.
|
| 700 |
1 |
|
|a Potthoff, Karl.
|
| 740 |
0 |
|
|a Logic Conference.
|
| 830 |
|
0 |
|a Lecture notes in mathematics (Springer-Verlag) ;
|v 499.
|
| 999 |
|
|
|a MARS
|
| 999 |
f |
f |
|s fcfa271c-bdaf-3a98-b885-be9423d7338d
|i 73b28e58-be7a-3a33-9fd2-21770bfbde14
|t 0
|
| 952 |
f |
f |
|p ric
|a Texas A&M University
|b Rellis Campus
|c Joint Library Facility
|d Remote Storage
|t 0
|e QA3 .L28 no. 499
|h Library of Congress classification
|i unmediated -- volume
|m A14804425306
|
| 998 |
f |
f |
|a QA3 .L28 no. 499
|t 0
|l Remote Storage
|